| 000 | 00353cam a2200145ua 4500 | ||
|---|---|---|---|
| 041 |
_ahin _h |
||
| 082 |
_a891.43 _bUPE/MA |
||
| 100 | _aUpedranath, Ashk . | ||
| 245 |
_aAnatomy mera dushman / _cAshk Upendranath. _hTextual Documents |
||
| 260 |
_a : _bNilab prakashan , _c1956. |
||
| 300 | _a ; . | ||
| 504 | _a | ||
| 942 | _cBK | ||
| 999 |
_c12323 _d12323 |
||